Statistics for General Knowledge Quiz #145

Click here to take the quiz!

General Stats

  • This quiz has been taken 23,570 times
  • The average score is 9 of 20

Answer Stats

Question Answer % Correct
If women are XX, what are men?XY
95%
Who is Sherlock Holmes's sidekick?Dr. John Watson
88%
What magazine was started by Hugh Hefner?Playboy
85%
What type of plant do shamrocks come from?Clover
77%
Who was famously born in Stratford-upon-Avon?William Shakespeare
75%
In what country would you find a kibbutz?Israel
65%
Who were known as the "Fab Four"?The Beatles
59%
What was first seen at Lowell Observatory in 1930?Pluto
55%
What is a common word that means "tempest"?Storm
50%
What has the chemical formula NH3?Ammonia
39%
Who composed "Ride of the Valkyries"?Richard Wagner
38%
Who is the richest resident of Metropolis?Lex Luthor
36%
What unit of currency can be divided into 100 kopeks?Ruble
31%
Who defeated Boris Spassky in a 1972 chess showdown?Bobby Fischer
30%
Who invented the saxophone?Adolphe Sax
28%
What well-defended country has enough nuclear blast shelters to
accommodate 100% of its population?
Switzerland
25%
Who wrote a series of detective books for adults using the pen-name Robert Galbraith?J.K. Rowling
24%
What bisexual English poet wrote "Don Juan" and "She Walks in Beauty"?Lord Byron
20%
What inspirational teacher movie featured the Coolio song "Gangsta's Paradise"?Dangerous Minds
13%
What is the term for a story or drawing made by several people, where each person adds
to it without seeing the work of the others?
Exquisite {Corpse}
5%

Score Distribution

Percentile by Number Answered

Percent of People with Each Score

Your Score History

You have not taken this quiz